| 000 | 00650nam a2200229Ia 4500 | ||
|---|---|---|---|
| 003 | GCL | ||
| 008 | 140319s9999 xx 000 0 ara d | ||
| 040 |
_aGCL / _cGCL |
||
| 082 | 0 | 4 |
_aط _b398.23 _bأ ت |
| 100 | 1 | _aمحمود القاضى | |
| 245 | 1 | 0 |
_aالبنجاتنترا / _cمحمود القاضى |
| 700 | 1 | _aعصمت والى | |
| 700 | 1 | _aعصمت مهدى | |
| 300 | _a34 ص | ||
| 490 |
_aتراث الانسانية من الهند _v0 |
||
| 650 | 0 | 4 | _aالاطفال |
| 650 | 0 | 4 | _aالادب الشعبى |
| 650 | 0 | 4 | _aقصص الاطفال |
| 650 | 0 | 4 | _aادب الاطفال |
| 650 | 0 | 4 | _aالاساطير |
| 942 |
_2ddc _cBK |
||
| 999 |
_c51404 _d51404 |
||